| 000 | 00688nam a2200229 a 4500 | ||
|---|---|---|---|
| 005 | 20240228064122.0 | ||
| 008 | 140327s2003 es r 000 0 spa d | ||
| 020 | _a8478644350 | ||
| 035 | _aUPN01000196607 | ||
| 049 | _aI | ||
| 050 | 4 |
_aPZ75 _bF3.2 2003 |
|
| 100 | 1 |
_aFarré Estrada, Lluís, _d1970- _936583 |
|
| 245 | 1 | 0 |
_aBuenas noches, Victor / _cLluís Farré ; il. Marta Balaguer. |
| 250 | _a2a ed. | ||
| 260 |
_aBarcelona, [Esp.] : _bCombel, _c2003. |
||
| 300 |
_a19 p. : _bil. col. |
||
| 440 | 0 |
_aCaballo alado ; _v1. _pAl galope |
|
| 650 | 4 |
_aLibros y lectura para niños _92290 |
|
| 650 | 4 |
_aLiteratura infantil española _95892 |
|
| 905 | _aInfantil | ||
| 999 |
_c168708 _d168708 |
||